LIBRARY & INFORMATION CENTRE, KCAET, TAVANUR

ONLINE PUBLIC ACCESS CATALOGUE (OPAC)

Lokha thilaka / (Record no. 12311)

MARC details
000 -LEADER
fixed length control field 00289cam a2200133ua 4500
041 ## - LANGUAGE CODE
Language code of text/sound track or separate title hin
082 ## - DEWEY DECIMAL CLASSIFICATION NUMBER
Classification number 891.54
Item number RAM/LO
100 ## - MAIN ENTRY--AUTHOR NAME
Personal name Ramavarma, .
245 ## - TITLE STATEMENT
Title Lokha thilaka /
300 ## - PHYSICAL DESCRIPTION
Number of Pages 58 ; .
942 ## - ADDED ENTRY ELEMENTS (KOHA)
Koha item type Books
Holdings
Withdrawn status Lost status Damaged status Home library Current library Date acquired Full call number Accession Number Koha item type
Withdrawn     KAUAET Sanskrit University 07/04/2012 891.54 9636 Books
free website counter